000 00573nab a22001457u 4500
008 130520b2010 xxu||||| |||| 00| 0 spa d
041 _aspa
100 1 _aKaranja Kamaara, Eunice
_982849
245 0 0 _aHAcer teología en el contexto de la globalización: perspectivas africanas
_cEunice Karanja Kamaara, Damaris Seleina Parsitau, Edith Kayeli, Sussy Gumo Kurgat
700 1 _aGumo Kurgat, Sussy
_982850
700 1 _aKayeli, Edith
_982851
700 1 _aSeleina Parsitau, Damaris
_982852
773 0 _tConcilium
_gnº334,2010,págs. 143-164
_x0210-1041
_wRev134
942 _cAR
999 _c412272
_d412272